000 00860nam a2200241 i 4500
001 36186
003 ES-MaACL
005 20230906155324.0
007 t|
008 030217s1946 ag ||||1| spa d
100 1 _aBronner, Marsell.
_931892
245 1 3 _aLa odontología moderna en la práctica diaria /
_cMarsell Bronner y Marx Bronner ; versión al castellano por José Luis M. Anthonisen ; texto revisado por Luis Castillo.
260 _aBuenos Aires :
_bEditorial Médico Quirúrgica,
_c1946 (
_eHernani)
300 _a334 p. ;
_c24 cm.
490 1 _aEl manual del odontólogo
650 0 4 _aOdontología.
_915690
700 1 _aBronner, Marx.
_931893
700 1 _aAnthonisen, Luis M.
_921884
700 1 _aCastillo, Luis.
_936705
830 0 _aEl manual del odontólogo
_9229575
852 _aES-MaACL
_jC-3890
_bR.29589
999 _c36186
_d36186